1118 1612 1254 1695 1453 1287 1490 1628 1496 1157 1437 1168 1307 1729 1311 1242 1428 1765 1415 1262 1021 1333 1279 1993 1830 1748 1479 1034 1767 1981 1142 1507 1076 1254 1732 1359 1065 1264 1654 1119 1406 1751 1783 1672 1548 1627 1875 1261 1405 1442 1031 1889 1494 1441 1409 1632 1427 1702 1167 1760 1025 1406 1519 1851 1183 1060 1093 1310 1101 1736 1311 1327 1750 1949 1402 1633 1093 1327 1707 1536 1470 1103 1545 1151 1165 1158 1253 1215 1513 1920 1871 1342 1591 1577 1847 1186 1709 1881 1705 BCNSPRNW ULIB Ver.6.0+V

เปลี่ยนเป็นภาษาไทย

Change to English
 แสดงรายละเอียดบรรณานุกรม
  กลับหน้าหลัก

Brief Record : Get Marc (ISO 2709) : E-mail record : QR code < ปิดหน้าต่าง
LEADER : 00000nam 2200000uu 4500
001    13399113051
003     ULIB
008    110922s2546||||th 000 0 tha d
020    9749007301
041 1  tha^heng
050 04 PE1128^bธ111ว 2546
100 0  เทเลอร์, ดีดี
245 10 วิธีใช้อินเทอร์เน็ตในการสอนภาษาอังกฤษ = How to use the Internet in ELT /^cเขียน: Dede Teeler, Peta Gray ;บรรณาธิการชุดภาษาอังกฤษ: Jeremy Harmer ; แปลและเรียบเรียง:เสียงทิพย์ สุขศรี ; บรรณาธิการชุดภาษาไทย: พงษ์ศรี เลขะวัฒนะ
250    พิมพ์ครั้งที่ 1
260    กรุงเทพฯ :^bบริษัทเพียร์สัน เอ็ดดูเคชั่น อินโดไชน่า,^c2546
300    157 หน้า :^bภาพประกอบ ;^c25 ซม
505 2  อินเทอร์เน็ตคืออะไร -- อินเทอร์เน็ตในการพัฒนาครูผู้สอน -- อินเทอร์เน็ตเป็นแหล่งวัสดุการสอน -- อินเทอร์เน็ต เป็นเครื่องมือในชั้นเรียน -- กิจกรรมที่ใช้อินเทอร์เน็ตเป็นฐาน -- อินเทอร์เน็ตเป็นหนังสือเรียน
650  7 อินเตอร์เน็ตในการศึกษา
650  7 ภาษาอังกฤษ^xการศึกษาและการสอน^xทรัพยากรเครือข่ายคอมพิวเตอร์
700 1  เกรย์, ปีตา
700 0  เสียงทิพย์ สุขศรี
700 12 Teeler, Dede.^tHow to use the Internet in ELT
700 12 Gray, Peta.^tHow to use the Internet in ELT
945    ^p330^l0^i021434
945    ^p330^l0^i021435
995    ทศพร
999 ^a ทศพร
รายการนี้ยังไม่มีแท็ก
คุณยังไม่ได้ล็อกอิน คุณสามารถมีกิจกรรมร่วมกับเว็บไซต์ได้ แต่ต้องล็อกอินก่อน ::
  ล็อกอิน

รายการสื่อสารสนเทศ

ลำดับที่ ประเภท เลขเรียก/บาร์โค้ด สถานที่ สถานะ
- ไม่พบข้อมูล -

รายการใกล้เคียง
    ผู้แต่ง [เทเลอร์, ดีดี]

    หัวเรื่อง [อินเตอร์เน็ตในการศึกษา]

BibComment


ยังไม่เคยถูกคอมเมนท์

คอมเมนท์ทรัพยากรรายการนี้
  คอมเมนท์: วิธีใช้อินเทอร์เน..


 Copyright 2026. Bcnsprnw @Library